000
00278nam a2200121Ia 4500
008
190216s9999||||xx |||||||||||||| ||und||
100
_a
Sudeesh V R
245
0
_a
Kathaparayum Kathamaman
260
_b
Poorna Pubs Kozhikode
300
_a
119
650
_a
Kathakal
942
_c
BK
999
_c
28153
_d
28153